[Event "91st GER-ch 2020"]
[Site "Magdeburg"]
[Date "2020.08.18"]
[Round "3.1"]
[White "Graf, Alexander"]
[Black "Andre, Gordon"]
[Result "1-0"]
[WhiteElo "2569"]
[BlackElo "2373"]
[Annotator "TA"]
[PlyCount "67"]
[EventDate "2020.08.16"]
[EventType "swiss"]
[EventCountry "GER"]
[SourceTitle "playchess.com"]
[Source "ChessBase"]
[SourceQuality "1"]

{[%evp 14,67,20,8,120,121,131,114,141,137,183,139,147,132,156,158,222,209,216,209,340,307,302,307,274,211,323,285,358,345,400,391,385,324,510,510,691,683,702,126,726,697,1880,697,2348,2256,2292,2286,2192,2112,1933,1276,1985,1904,1231,769]} 1. Nf3 Nf6 2. g3 d5 3. Bg2 e6 4. O-O Be7 5. d4 O-O 6. c4 c6 7. Nc3 b6 8. Ne5 Nfd7 {E06: Closed Catalan: Early deviations.} (8... Ba6 $11 {keeps the balance.}) 9. cxd5 $16 exd5 10. Nxd5 Nxe5 {White is better.} 11. dxe5 Bb7 12. Nf4 {[#]} Na6 $146 ({Predecessor:} 12... Nd7 13. e6 Ne5 14. exf7+ Rxf7 15. Bd2 Bd6 16. Qc2 Qe7 17. Be4 g6 18. Rad1 Raf8 {1-0 (39) Horvath,C (2516)-Rudolf,A (2289) Gallipoli 2013}) 13. Be3 Qc7 14. e6 f5 (14... Bc5 $16 15. Qd7 Bxe3) 15. Rc1 $18 Rad8 16. Qb3 c5 (16... Nc5 $142 17. Bxc5 bxc5 18. Rxc5 Qb6) 17. Bxb7 Qxb7 18. Rfd1 Kh8 19. Nd5 Rfe8 (19... Nb4 $142) 20. Bf4 h6 21. Be5 Bg5 22. f4 Be7 23. Qf3 {Hoping for Qh5!} Bd6 {[#]} (23... c4 $142 24. e4 (24. Rxc4 Bc5+ {[%mdl 64] Discovered Attack} 25. Kg2 Rxe6 $18) 24... Bd6) 24. e7 $1 {[%mdl 512]} Bxe7 {[#]} 25. Qh5 $1 {[%csl LRf5,LRh6][%cal Rh5h6][%mdl 512] White wants to mate with Qxh6+.} Bf8 {If Black can now play ...Rxe5 this consolidates a bit.} 26. Qxh6+ $40 {[%mdl 128] White goes for the king.} Kg8 {[#] Now Black is done in.} 27. Qg6 $1 {Intending Nf6+ and mate.White is clearly winning.} Kh8 {[#]} 28. Qxf5 (28. Nf6 $142 $1 {[%mdl 512]} gxf6 29. Rxd8 Rxd8 30. Qxf6+ {[%mdl 64] Double Attack} Kh7 31. Qxf5+ Kg8 32. Qg5+ {[%mdl 64] Double Attack} Kh7 33. Qxd8) 28... Nb4 {[#]} 29. Nf6 $1 {[%mdl 512]} gxf6 30. Rxd8 Rxd8 31. Qxf6+ {[%mdl 64] Double Attack} Kg8 32. Qxd8 Qe4 33. Qg5+ Kf7 34. Qh5+ {Accuracy: White = 78%, Black = 39%.} 1-0

[Event "91st GER-ch 2020"]
[Site "Magdeburg"]
[Date "2020.08.18"]
[Round "3.2"]
[White "Dobrikov, Marco"]
[Black "Parvanyan, Ashot"]
[Result "1/2-1/2"]
[WhiteElo "2290"]
[BlackElo "2449"]
[Annotator "TA"]
[PlyCount "93"]
[EventDate "2020.08.16"]
[EventType "swiss"]
[EventCountry "GER"]
[SourceTitle "playchess.com"]
[Source "ChessBase"]
[SourceQuality "1"]

{[%evp 15,93,-15,-21,-18,-9,-11,0,0,0,0,-5,-25,-18,-22,-10,-19,-6,-12,-4,-4,-4,-12,36,46,64,58,49,59,67,52,58,18,33,0,39,36,75,54,97,88,80,58,86,68,83,39,39,53,141,116,125,121,117,125,121,98,110,135,163,165,149,151,129,122,114,27,35,0,0,-19,-14,-12,-11,-5,-17,0,0,0,0,0]} 1. e4 e6 2. d4 d5 3. Nc3 Bb4 4. e5 Ne7 5. a3 Bxc3+ 6. bxc3 c5 7. h4 Qc7 8. Nf3 b6 9. Bb5+ {is cutting edge theory. C19: French: 3 Nc3 Bb4: Main line: 7 Nf3 and 7 a4.} Bd7 10. Bd3 c4 11. Be2 Ba4 12. h5 h6 13. Rh4 Nbc6 {[#]} 14. Rf4 $146 ({Predecessor:} 14. Rg4 Rg8 15. Nh4 O-O-O 16. Be3 Kb7 17. Qd2 Nf5 18. Nxf5 exf5 19. Rh4 Ne7 20. f4 {0-1 (66) Kosintseva,T (2515)-Kosintseva,N (2539) Khanty-Mansiysk 2012}) 14... Rf8 15. Nh4 Kd7 16. Kf1 Rae8 17. Bg4 Nd8 18. Ra2 f5 19. exf6 gxf6 20. Ng6 Nxg6 21. hxg6 Kc6 22. Rf3 Qg7 23. Rh3 Rh8 24. Qd2 Reg8 25. Bh5 Nb7 26. Qe2 Re8 27. Bf4 $36 {[%mdl 2048] White is on the roll.} e5 28. Re3 {[%cal Rd4e5]} e4 $1 29. Qg4 Rhf8 30. Bxh6 Qxh6 31. g7 Rd8 ({Black should try} 31... Kc7 $1 $14) 32. gxf8=Q Rxf8 33. Qg6 Qxg6 34. Bxg6 Nd6 35. f4 f5 36. Rh3 Rg8 37. Rh6 Kc7 38. Kf2 Nb5 39. Bxf5 {And now Rh7+ would win.} Nxc3 40. Ra1 (40. Rh7+ $16 Kd6 41. Rh6+ (41. Rxa7 Nxa2 42. Rxa4 Rf8 $11) 41... Kc7 42. Be6 e3+ 43. Kf3 (43. Kxe3 Rxg2 44. Kf3 Rd2 $11)) 40... Bxc2 $11 41. Rh7+ Kc6 $1 {The position is equal.} 42. Bd7+ Kd6 43. f5 {Black must now prevent Rah1.} e3+ {[%mdl 64] [#] Decoy} 44. Kxe3 Rg3+ 45. Kd2 {Threatens to win with Rah1.} Bd3 {Strongly threatening ...Ne4+.} 46. Rah1 {Threatening mate with R1h6+.} Rxg2+ 47. Kxc3 {Accuracy: White = 80%, Black = 79%.} 1/2-1/2

[Event "91st GER-ch 2020"]
[Site "Magdeburg"]
[Date "2020.08.18"]
[Round "3.3"]
[White "Pfreundt, Jakob"]
[Black "Bindrich, Falko"]
[Result "1-0"]
[WhiteElo "2397"]
[BlackElo "2605"]
[Annotator "TA"]
[PlyCount "179"]
[EventDate "2020.08.16"]
[EventType "swiss"]
[EventCountry "GER"]
[SourceTitle "playchess.com"]
[Source "ChessBase"]
[SourceQuality "1"]

{[%evp 20,179,31,19,19,25,43,10,64,56,71,30,73,89,84,43,163,118,95,90,94,20,13,17,20,0,10,0,12,0,86,57,65,15,35,23,29,0,11,12,16,0,35,5,64,31,27,0,83,68,162,70,218,195,224,222,211,218,199,0,192,171,166,0,343,329,298,225,218,210,210,220,316,312,316,322,306,321,303,244,231,232,458,325,310,293,331,272,265,249,531,258,238,233,401,407,406,398,391,362,522,417,688,706,750,739,726,654,792,566,829,822,1166,1156,1526,1335,1166,1050,1766,1725,5381,4937,29950,29962,4930,1293,1716,1505,29977,29978,29978,29966,29984,29969,29968,29970,29969,29971,29970,29966,29971,29973,29973,29974,29976,29975,29976,29977,29978,29979,29979,29980,29980,29981,29981,29982,29982,29983,29984,29985,29987,29988]} 1. e4 c5 2. Nf3 d6 3. d4 cxd4 4. Nxd4 Nf6 5. Nc3 a6 6. f4 e5 7. Nf3 Qc7 8. Bd3 Nbd7 9. a4 b6 10. O-O Bb7 11. Qe1 Be7 {B93: Sicilian Najdorf: 6 f4.} 12. Kh1 h6 13. Nh4 g6 (13... exf4 $11 14. Nf5 g5) 14. Nf3 $14 Nc5 {[#]} 15. b4 $146 ({Predecessor:} 15. Bd2 Ne6 16. fxe5 dxe5 17. Nd5 Nxd5 18. exd5 Bxd5 19. Nxe5 Nc5 20. Bc4 Bxc4 21. Nxc4 {1-0 (34) Kveinys,A (2555)-Buscher,M (2275) Eupen 1993}) 15... Nxd3 16. cxd3 Rc8 17. Bb2 Nd7 (17... O-O $14) 18. Qd2 Bf6 19. Rac1 {And now Nd5 would win.} Qd8 20. Ne2 (20. b5 $16) 20... Rxc1 $11 21. Rxc1 O-O 22. f5 Bg7 23. Ng3 Nf6 24. Qc2 Ne8 (24... b5 $11) 25. d4 {[%cal Rd4e5]} Qe7 26. d5 h5 27. fxg6 fxg6 28. Ne2 Bh6 29. Rf1 Nf6 30. Bc1 $36 {[%mdl 2048] White has the initiative.} Bxc1 31. Rxc1 Ba8 (31... Rc8 $11 32. Nc3 b5) 32. Qd3 Ng4 33. Qc2 b5 (33... Nf6 $11 {keeps the balance.}) 34. h3 Nf6 (34... Nf2+ $14 35. Kh2 Ng4+ 36. hxg4 hxg4) 35. a5 ({White should try} 35. axb5 $18 axb5 36. Ra1) 35... Ne8 ({Better is} 35... Bb7 $14) 36. Qd2 Bb7 37. Qe3 Nf6 {[#]} 38. Ng5 $1 Bc8 39. Nf3 $2 (39. Rc3 $18) 39... Kg7 $2 (39... Bb7 $1 $11 {and Black has nothing to worry.}) 40. Qg5 $18 Qf7 41. Qe3 $2 (41. Ng3 $18 Nh7 42. Nxh5+ Kh8 43. Qh6 gxh5 44. Ng5 (44. Qxd6 Bxh3 45. Qxe5+ Qg7 $14)) 41... Kg8 $2 {[%mdl 8192]} (41... Qe7 $1 $11) 42. Rc6 Qe7 43. Qh6 Qg7 44. Qxg7+ Kxg7 45. Nc3 (45. Rxd6 Nxe4 46. Rc6 Bb7 $11) 45... Bd7 (45... Rd8 $142 46. Ng5 Kf8) 46. Rxd6 Rc8 47. Nxe5 Rxc3 48. Nxd7 Nxe4 {[%mdl 4096] Endgame KRN-KRN} 49. Rc6 (49. Rxa6 $6 Rc1+ 50. Kh2 h4 $16) 49... Rb3 {[#]} 50. Ne5 $1 {Hoping for d6.} (50. Rxa6 Rb1+ 51. Kh2 h4 $11) 50... Rxb4 $2 (50... Rb1+ {is a better defense.} 51. Kh2 g5) 51. Rxg6+ Kf8 52. Rxa6 {aiming for d6.} Rd4 53. Rb6 Rxd5 54. a6 Rd1+ 55. Kh2 Ra1 56. h4 ({Much less strong is} 56. Rxb5 $6 Rxa6 57. Nd3 Ra3 $16) 56... Nc5 $2 (56... Ra3 57. Nf3 (57. Rxb5 Rxa6 58. Nd3 Ra3 $16) 57... Ra5) 57. Rxb5 Nxa6 58. Nf3 Nc7 59. Rxh5 Ne6 (59... Ra4 $142 60. Re5 Kf7) 60. Re5 Nd8 (60... Kf7 $142 61. g4 Rd1) 61. g4 Nf7 62. Re4 Kg7 63. Kg3 Ra3 64. Kf4 Ra1 65. Rd4 Rf1 66. g5 Rf2 67. Ra4 Rf1 68. Kg4 Rf2 69. Ra6 Rg2+ 70. Kh5 Rf2 71. Nd4 Ne5 72. Ra7+ (72. Ra5 $142 Nd3 73. Nf5+ Kf7 74. g6+ Kf6 75. Kh6) 72... Kg8 73. Re7 Rf4 74. Rxe5 {White mates.} Rxd4 {KR-KR} 75. Kh6 Rxh4+ 76. Kg6 {[%cal Re5e8]} Kf8 77. Rf5+ Kg8 78. Ra5 {[%cal Ra5a8]} Kf8 79. Ra8+ Ke7 80. Kg7 Rh2 81. g6 Rh1 82. Ra3 Re1 83. Kg8 Rg1 84. g7 Rh1 85. Re3+ Kd7 86. Re4 Kd6 87. Kf7 Rf1+ 88. Kg6 Rg1+ 89. Kf6 Kd7 90. Re5 {Accuracy: White = 71%, Black = 49%.} 1-0

[Event "91st GER-ch 2020"]
[Site "Magdeburg"]
[Date "2020.08.18"]
[Round "3.4"]
[White "Florstedt, Johannes"]
[Black "Mons, Leon"]
[Result "1-0"]
[WhiteElo "2350"]
[BlackElo "2540"]
[Annotator "TA"]
[PlyCount "107"]
[EventDate "2020.08.16"]
[EventType "swiss"]
[EventCountry "GER"]
[SourceTitle "playchess.com"]
[Source "ChessBase"]
[SourceQuality "1"]

{[%evp 19,107,40,54,53,57,52,58,45,46,42,50,45,54,39,37,0,0,-169,-174,-164,-33,-71,-82,-58,-77,-66,-87,-77,-85,-78,-54,-64,-52,-108,-113,-132,-127,-128,-112,-118,-33,-38,-28,-63,14,17,37,8,7,0,8,8,15,-7,0,0,0,0,0,-47,0,-288,377,372,371,371,363,363,388,382,401,397,397,391,393,393,393,391,386,363,373,366,356,354,355,348,341,333,4133,1060]} 1. e4 c5 2. Nc3 Nc6 3. Nf3 d6 4. d4 cxd4 5. Nxd4 Nf6 6. Bg5 e6 7. Qd2 a6 8. O-O-O Bd7 9. f4 h6 10. Bh4 b5 11. Bxf6 {B67: Sicilian: Richter-Rauzer: 7...a6 8 0-0-0 Bd7, lines without 9 f4 Be7.} gxf6 12. Kb1 Qb6 13. Nxc6 {White is slightly better.} Bxc6 14. f5 h5 15. fxe6 {15.Bd3 might become the main line.} fxe6 16. Qe1 {[#]} Kd7 $146 ({Predecessor:} 16... O-O-O 17. Bd3 Qc5 18. Ne2 Rg8 19. Qa5 Bb7 20. a4 Rg5 21. Rhf1 Bg7 22. Nf4 Qe5 23. axb5 axb5 {½-½ (48) Ragger,M (2696)-Georgiadis,N (2525) Switzerland 2019}) 17. g3 b4 18. Nd5 $2 (18. Ne2 $1 $11) 18... exd5 $19 19. exd5 Bb5 (19... Ba4 $1 $19 20. Qe6+ Kc7) 20. Qe6+ Kc7 21. Qf7+ Bd7 $1 22. Bh3 Rd8 23. Rhe1 Kc8 24. Be6 Qb7 25. Qxf6 Rh7 26. Rd4 ({White should try} 26. Qf5 $15 Rh8 27. Bxd7+ Qxd7 28. Qd3) 26... Bxe6 $17 27. Rc4+ Rc7 28. Rxc7+ Qxc7 29. dxe6 {And now e7 would win.} Bg7 (29... Be7 $1 $17 {[%cal Re7f6]} 30. Qf3 Qc5) 30. Qf3 $15 {Strongly threatening e7.} Kb8 31. Re4 Be5 (31... Qb6 $15 32. a3 bxa3 33. Qxa3 Bd4) 32. Rxb4+ $11 Ka7 33. Qf2+ {[%mdl 1024] White has compensation.} Ka8 34. Rb6 Qc5 35. e7 ({Not} 35. Rxa6+ $2 Kb7 $1 $19 {[%mdl 512]}) 35... Re8 36. Qg2+ $40 {[%mdl 128] Black needs to defend precisely.} d5 37. Rxa6+ Kb7 38. Ra3 Rxe7 {Threatens to win with ...Rf7.} 39. Rd3 Bc3 40. Rxd5 $2 {[%mdl 8192] [#]} (40. bxc3 $11 {and White has nothing to worry.} Re1+ 41. Kb2 Qb5+ 42. Ka3 Qa5+ 43. Kb2 Qb5+ 44. Ka3 Qa5+ 45. Kb2 Qb5+) 40... Qc6 $4 {[%mdl 8192]} (40... Ka7 $1 $19 {[%mdl 512]} 41. Rd1 (41. Rxc5 $2 {leads to mate.} Re1#) 41... Rb7 $1 {[%mdl 512]} 42. Qxb7+ Kxb7 43. bxc3 Qxc3) 41. bxc3 $18 {[%mdl 4096] Endgame KQR-KQR} Kc7 {Hoping for ...Re1+.} 42. Qd2 Qb6+ 43. Kc1 Qg1+ 44. Kb2 $1 Qb6+ 45. Ka3 $1 {Qf4+ is the strong threat.} Kc8 {( -> ...Ra7+)} 46. Rd4 Ra7+ 47. Ra4 Qc5+ 48. Kb3 Rxa4 49. Kxa4 {KQ-KQ} Qc4+ 50. Ka3 Qc5+ 51. Kb2 Qb6+ {[#]} 52. Kc1 $1 Qg1+ {[#]} 53. Qd1 $1 {[%cal Rd1g1]} Qxh2 $2 (53... Qe3+ 54. Kb2 Qb6+ 55. Kc1 Qe3+ 56. Kb2 Qb6+ 57. Kc1 Qe3+) 54. Qd6 {Quite a comeback for White. Accuracy: White = 70%, Black = 67%.} 1-0

[Event "91st GER-ch 2020"]
[Site "Magdeburg"]
[Date "2020.08.18"]
[Round "3.5"]
[White "Mueller, Dominik"]
[Black "Hundack, Rolf"]
[Result "0-1"]
[WhiteElo "2252"]
[BlackElo "2126"]
[Annotator "TA"]
[PlyCount "54"]
[EventDate "2020.08.16"]
[EventType "swiss"]
[EventCountry "GER"]
[SourceTitle "playchess.com"]
[Source "ChessBase"]
[SourceQuality "1"]

{[%evp 15,53,50,66,64,60,59,61,59,64,50,58,51,70,57,67,58,64,47,77,62,90,58,66,66,74,26,16,0,0,0,0,0,0,-451,-436,-418,-413,-1628,-1604,-29999]} 1. c4 e5 2. Nc3 Nf6 3. Nf3 Nc6 4. d4 exd4 5. Nxd4 Be7 6. g3 d6 7. Nxc6 bxc6 8. Bg2 Bd7 9. O-O {A54: Old Indian Defence with Nf3, but without e4.} O-O 10. b3 Rb8 11. Qc2 {White is slightly better.} Qc8 12. Rd1 {[#]} Bf5 $146 ({Predecessor:} 12... h6 13. Bb2 Nh7 14. Ne4 f5 15. Nd2 f4 16. Ne4 Rf7 17. Rd2 Bh3 18. Qc3 Bxg2 19. Kxg2 {1-0 (44) Viner,P (2083)-Jones,B Gosford 1988}) 13. Qd2 Qd7 14. Bb2 Bh3 15. Bh1 Rfe8 16. e4 Ng4 17. f3 Ne5 18. Ne2 Bf6 {[#] Threatens to win with ...Nxc4!} 19. Rac1 Qe7 20. c5 {[%cal Rc5d6]} Rbd8 21. cxd6 Rxd6 22. Qc2 Red8 {Hoping for ...Rxd1+.} 23. Rxd6 Qxd6 24. f4 $2 {[%mdl 8192]} (24. Bxe5 $11 Bxe5 25. Bg2 Bd4+ 26. Nxd4 Qxd4+ 27. Kh1) 24... Nd3 $19 {[%mdl 64] Discovered Attack} 25. e5 {[#]} Qb4 $1 26. exf6 (26. a3 $142 Qb6+ 27. Bd4 Rxd4 28. Qxc6 Rd7+ 29. Qxb6 axb6 30. Rc4) 26... Nxc1 27. Bxc1 Qe1# {Accuracy: White = 62%, Black = 92%.} 0-1

[Event "91st GER-ch 2020"]
[Site "Magdeburg"]
[Date "2020.08.18"]
[Round "3.6"]
[White "Engel, Luis"]
[Black "Hess, Max"]
[Result "1-0"]
[WhiteElo "2532"]
[BlackElo "2378"]
[Annotator "TA"]
[PlyCount "105"]
[EventDate "2020.08.16"]
[EventType "swiss"]
[EventCountry "GER"]
[SourceTitle "playchess.com"]
[Source "ChessBase"]
[SourceQuality "1"]

{[%evp 16,105,26,23,18,13,28,9,30,33,28,37,50,39,37,0,23,0,0,13,80,70,60,78,92,75,89,57,68,54,87,91,102,91,89,108,116,96,118,128,122,45,106,100,110,100,74,105,97,61,181,171,178,181,152,166,172,175,294,273,314,300,300,300,816,831,786,145,815,794,779,535,483,0,0,0,0,0,71,71,228,204,210,207,614,606,874,853,991,973,29998,29999]} 1. e4 c5 2. Nf3 Nc6 3. Bb5 g6 4. Bxc6 dxc6 5. d3 Bg7 6. h3 Nf6 7. Nc3 Nd7 8. Be3 e5 9. Qd2 h6 {B31: Sicilian: 2...Nc6 3 Bb5 g6.} 10. O-O b6 {is now more promising than 10...Qe7.} 11. Nh2 Nf8 {The position is equal.} 12. f4 exf4 13. Bxf4 Ne6 14. Be3 Nd4 15. Nd1 {[#]} Be5 $146 ({Predecessor:} 15... Be6 16. c3 Nb5 17. Nf2 Qd7 18. a4 Nd6 19. a5 Rd8 20. axb6 axb6 21. Qe2 O-O 22. Nfg4 Bxg4 23. hxg4 Qe6 24. Rae1 Rd7 25. Bf4 {½-½ (25) Chigaev,M (2634)-Gukesh,D (2536) Karlsruhe 2019}) 16. Kh1 Qd6 17. Bg1 Be6 (17... h5 $11) 18. c3 $16 Nb5 19. a4 Nc7 20. Nf3 Bg3 21. Nf2 f5 22. a5 O-O-O 23. axb6 axb6 24. Ra7 g5 25. exf5 Bxf5 26. b4 cxb4 27. cxb4 Qd5 28. Qe3 ({White should play} 28. Qc2 $16 {Threatens to win with Nd4!} Nb5 29. Ra6) 28... Bf4 (28... Rhe8 $1 $14 29. Qxb6 Qb5) 29. Qxb6 Qb5 30. Rb7 {And now Rb8+ would win.} Qxb6 31. Rxb6 Rd6 32. Ne4 Rxd3 (32... Bxe4 $1 $14 33. dxe4 Na8) 33. Nc5 $36 {[%mdl 2048] Nd4 is the strong threat. White has strong initiative.} Rd6 34. Nd4 Bd7 35. Nxd7 Kxd7 {[#]} 36. g3 $1 {[%cal Rg3f4][%mdl 512]} Nd5 (36... Bxg3 {is a better defense.} 37. Nf5 (37. Rf7+ Ke8 $16) 37... Rf8 38. Nxg3 {[%mdl 64] Discovered Attack} Rxf1 39. Nxf1 Rd1) 37. Rb7+ Kc8 38. Ra7 Be5 39. Rff7 $1 {[%cal Ra7a8]} Kb8 $2 (39... Rf6 40. Rxf6 (40. Ra8+ Bb8 $16) 40... Bxf6) 40. Nb3 Rf6 41. Rfb7+ Kc8 {...Bb8 would now be nice for Black.} 42. Na5 $1 {Threatening mate with Ra8+.} Nc7 43. Bb6 {[%cal Rb6c7]} Rh7 44. Bxc7 $2 (44. Kg2 $18) 44... Rxc7 $11 45. Ra8+ Kd7 46. Rbb8 Ke6 (46... Bxg3 $11 47. Re8 Ra7 $1 {[%mdl 512]} 48. Red8+ Kc7 49. Rdc8+ Kb6 50. Rxa7 Kxa7) 47. Re8+ $16 Kf5 $2 (47... Re7 $16 {was necessary.}) 48. g4+ $18 Kf4 {( -> ...Kg3)} 49. Nc4 Bd4 $2 (49... Bd6 50. Ra3 Bxb4) 50. Kg2 {Intending Ra3 and mate.} Rff7 {intending ...Rfe7.} 51. Re1 {Ra3 would kill now.} Ra7 {[#]} 52. Nd6 $1 {[%csl Gd6][%cal Re1e4]} Rfe7 53. Rf8+ {Accuracy: White = 83%, Black = 52%.} 1-0

[Event "91st GER-ch 2020"]
[Site "Magdeburg"]
[Date "2020.08.18"]
[Round "3.7"]
[White "Heinemann, Thies"]
[Black "Muckle, Julius"]
[Result "1/2-1/2"]
[WhiteElo "2507"]
[BlackElo "2386"]
[Annotator "TA"]
[PlyCount "99"]
[EventDate "2020.08.16"]
[EventType "swiss"]
[EventCountry "GER"]
[SourceTitle "playchess.com"]
[Source "ChessBase"]
[SourceQuality "1"]

{[%evp 28,99,17,-50,113,83,103,91,104,84,85,77,92,67,71,72,83,68,95,80,106,112,197,101,115,110,102,58,81,70,72,64,100,83,68,20,12,0,0,0,50,40,114,-38,12,22,96,96,81,83,104,82,124,65,97,99,117,84,141,70,79,69,81,0,0,0,0,0,8,0,0,0,0,0]} 1. e4 e6 2. d4 d5 3. Nd2 Nf6 4. e5 Nfd7 5. Bd3 c5 6. c3 Nc6 7. Ne2 cxd4 8. cxd4 f6 9. exf6 Nxf6 10. Nf3 Bd6 11. O-O Qc7 12. Nc3 a6 13. Bg5 O-O 14. Rc1 Bd7 15. Re1 (15. Bb1 $11) 15... Qb6 $2 {C06: French Tarrasch: 3...Nf6 4 e5 Nfd7 5 Bd3 main lines.} (15... Ng4 $15 {keeps the upper hand.} 16. g3 h6) 16. Na4 {[#]} Qa5 $146 ({Predecessor:} 16... Qa7 17. Ne5 Nxd4 18. Bxf6 Bxa4 19. Bxh7+ Kxh7 20. Qh5+ Kg8 21. Bxg7 Kxg7 22. Qg6+ Kh8 23. Re3 Ne2+ 24. Kh1 Qxe3 25. Qh5+ Kg8 26. Qg6+ {½-½ (26) Rodriguez,S (1795)-Salcedo,J (1933) Cali 2014}) 17. Bd2 Bb4 {White is better.} 18. Nc3 Qb6 19. a3 Bd6 20. Na4 Qa7 21. Be3 b6 22. h3 Rac8 23. Nc3 Be8 24. Ng5 Bf7 (24... Bd7 $16 {was worth a try.}) 25. Qc2 ({Better is} 25. Nxf7 $18 Rxf7 26. Bg5) 25... h6 $16 26. Nxf7 Rxf7 27. Bg6 Rfc7 28. Qe2 b5 29. Rcd1 Kh8 30. g4 Rf8 31. Bb1 g5 32. Kg2 Rg7 33. Rh1 h5 34. b4 Bf4 {[#]} ({Black should try} 34... Qd7 $14) 35. Qd2 $2 ({Reject} 35. gxh5 $6 Qc7 $11) (35. Bxf4 $1 $16 gxf4 36. Qxe6 f3+ 37. Kf1) 35... Qc7 36. Ne2 e5 (36... Qd6 $11) 37. dxe5 Bxe3 38. Qxe3 Nxe5 39. Nd4 Re8 {[#]} 40. Qc1 (40. Rhe1 $1 $16) 40... Qxc1 41. Rxc1 Nc4 42. Bd3 Nd7 (42... h4 $142) 43. Bf5 (43. Rce1 $16 Nce5 44. Nc6 (44. gxh5 Rf8 $16)) 43... Nde5 $1 $14 44. gxh5 Rf7 45. Bg6 (45. Rhe1 $16) 45... Nxg6 $11 {The position is equal.} 46. hxg6 Rf4 47. Nf3 Re2 48. Kg3 Nd6 {Strongly threatening ...Ne4+.} 49. Nxg5 Rexf2 {[%cal Rd6f5]} 50. Nf7+ $1 {Accuracy: White = 64%, Black = 54%.} 1/2-1/2